Tanulói, szülői és tanári nézetek a zene társadalmi megítéléséről

Elmentve itt :
Bibliográfiai részletek
Szerző: Pintér Tünde Kornélia
Testületi szerző: Beethoven 250 (21.) (2020)
Dokumentumtípus: Könyv része
Megjelent: 2021
Sorozat:A Juhász Gyula Pedagógusképző Kar Ének-Zene Tanszékének kiadványai
"Beethoven 250" : tanulmánykötet : [2020. október 5-6., online konferencia]
Nemzetközi Zenei Konferencia
Kulcsszavak:Zenei nevelés
Tárgyszavak:
Online Access:http://acta.bibl.u-szeged.hu/74365
LEADER 00970naa a2200241 i 4500
001 acta74365
005 20260312140940.0
008 220221s2021 hu o 100 hun d
020 |a 978-963-315-456-4 
040 |a SZTE Egyetemi Kiadványok Repozitórium  |b hun 
041 |a hun 
100 1 |a Pintér Tünde Kornélia 
245 1 0 |a Tanulói, szülői és tanári nézetek a zene társadalmi megítéléséről  |h [elektronikus dokumentum] /  |c  Pintér Tünde Kornélia 
260 |c 2021 
300 |a 105-108 
490 0 |a A Juhász Gyula Pedagógusképző Kar Ének-Zene Tanszékének kiadványai 
490 0 |a "Beethoven 250" : tanulmánykötet : [2020. október 5-6., online konferencia] 
490 0 |a Nemzetközi Zenei Konferencia 
650 4 |a Társadalomtudományok 
650 4 |a Oktatástudomány 
695 |a Zenei nevelés 
710 |a Beethoven 250 (21.) (2020) 
856 4 0 |u http://acta.bibl.u-szeged.hu/74365/1/enek_zene_tanszek_2021_105-108.pdf  |z Dokumentum-elérés